logo

Bir Sreshtho Munshi Abdur Rouf Library
Jhenaidah Cadet College

The continuing struggle : (Record no. 10140)

MARC details
000 -LEADER
fixed length control field 00717cam a2200229u 4500
001 - CONTROL NUMBER
JCCL Control Number 10140
003 - CONTROL NUMBER IDENTIFIER
JCCL marc code BD - JhCC
005 - DATE AND TIME OF LATEST TRANSACTION
control field 20180418175014.0
008 - FIXED-LENGTH DATA ELEMENTS--GENERAL INFORMATION
fixed length control field 180417s1958 nyu 00100 eng
035 ## - SYSTEM CONTROL NUMBER
system control number (CStRLIN)PAUG84-B2669
-- (BD - JhCC)10140
040 ## - CATALOGING SOURCE
Transcribing agency TxShA
Modifying agency *m.c.*
-- NNU
-- CStRLIN
-- PU
-- UkOxU
Original cataloging agency BD-JhCC
041 ## - LANGUAGE CODE
Language code of Book eng
050 0# - LIBRARY OF CONGRESS CALL NUMBER
Classification number DS777.55
Item number .W35
082 0# - DEWEY DECIMAL CLASSIFICATION NUMBER
Classification number 951.05
Author mark and Year WAL 1958
100 1# - MAIN ENTRY--PERSONAL NAME
Personal name Walker, Richard L.
Fuller form of name (Richard Louis),
Dates associated with a name 1922-2003.
245 14 - TITLE STATEMENT
Title The continuing struggle :
Remainder of title Communist China and the free world /
Statement of responsibility, etc Richard Louis Walker.
260 0# - PUBLICATION, DISTRIBUTION, ETC. (IMPRINT)
Place of publication, distribution, etc New York :
Name of publisher, distributor, etc Athene Press,
Date of publication, distribution, etc c1958.
300 ## - PHYSICAL DESCRIPTION
Pagination xii, 14355 p.
Dimensions 20 cm.
650 #0 - SUBJECT ADDED ENTRY--TOPICAL TERM
Topical term or geographic name as entry element Communism
Geographic subdivision China.
942 ## - ADDED ENTRY ELEMENTS (KOHA)
Source of classification or shelving scheme Dewey Decimal Classification
Koha item type Books
Holdings
Source of classification or shelving scheme Damaged status Not for loan Home library Current library Shelving location Date of accession Total Checkouts Full call number Barcode Date last seen Copy number Koha item type
Dewey Decimal Classification     JCC Rouf Library JCC Rouf Library General Stacks 04/17/2018   951.05 WAL 1958 12566 04/18/2018 C-1 Books

JCC Library | Contacts | JCC Home

Last Update on 23 September 2017
Copyright @ 2017-2020 JCC Rouf Library
Rouf Library, Jhenidah Cadet College (JCC), Bangladesh